000 00691nam a2200253Ia 4500
005 20260306145445.0
008 008 260114s9999 xx 000 0 eng d
020 _a9780520389977
037 _aEbook
040 _aCRL
040 _beng
040 _cCRL
041 _2eng
041 _aeng
084 _qCRL
100 _aPittman, LaShawnDa L.
_91123775
245 0 _aGrandmothering while black : a twenty-first-century story of love, coercion, and survival
260 _bUniversity of California Press (UC Press)
260 _c2023
650 _aSocial Sciences
856 _uhttps://www.degruyter.com/isbn/9780520389977
942 _cEBOOK
999 _c1688608
_d1688608